ბათუმის შოთა რუსთაველის სახელმწიფო უნივერსიტეტის ბიბლიოთეკა

Особенности воспроизведения роста,развития и формообразования цитрусовых и некоторых других померанцевых (ბიბ.ჩანაწერი № 45987)

000 -LEADER
fixed length control field 00919nam a2200217Ia 4500
001 - CONTROL NUMBER
control field 12816
003 - CONTROL NUMBER IDENTIFIER
control field GE_BSU
008 - FIXED-LENGTH DATA ELEMENTS--GENERAL INFORMATION
fixed length control field 181216s||||||||xx |||||||||||||| ||und||
040 ## - CATALOGING SOURCE
Transcribing agency GE_BSU
080 ## - UNIVERSAL DECIMAL CLASSIFICATION NUMBER
Universal Decimal Classification number 634.8
100 ## - MAIN ENTRY--PERSONAL NAME
Personal name Мампория,Ф.П.
245 ## - TITLE STATEMENT
Title Особенности воспроизведения роста,развития и формообразования цитрусовых и некоторых других померанцевых
245 ## - TITLE STATEMENT
Statement of responsibility, etc. Ред.Л.Л.Декарелевич
260 ## - PUBLICATION, DISTRIBUTION, ETC.
Place of publication, distribution, etc. Тбилиси
260 ## - PUBLICATION, DISTRIBUTION, ETC.
Name of publisher, distributor, etc. Госиздат Грузинск. ССР
260 ## - PUBLICATION, DISTRIBUTION, ETC.
Date of publication, distribution, etc. 1951
300 ## - PHYSICAL DESCRIPTION
Extent 324стр.20см.
300 ## - PHYSICAL DESCRIPTION
Dimensions Библиогр.с.311-324
653 ## - INDEX TERM--UNCONTROLLED
Uncontrolled term Особенности воспроизведения роста,развития и формообразования цитрусовых и некоторых других померанцевых
942 ## - ADDED ENTRY ELEMENTS (KOHA)
Koha item type წიგნი
ეგზემპლარები
Withdrawn status Lost status Damaged status Not for loan Date acquired Barcode Date last seen Price effective from Koha item type
        2018-12-17 21025 2018-12-17 2018-12-17 წიგნი
        2018-12-17 20804 2018-12-17 2018-12-17 წიგნი